15 Największych wysp w Azji na mapie - Statystyki

Ogólne statystyki
  • Ten quiz został rozwiązany 34 razy
  • Średni wynik to 11 z 15
Odpowiedzi na mapie
Odpowiedzi zakodowano w zielono-czerwonej skali na mapie do tego quizu, zgodnie z poniższymi procentami.
 
Statystyki odpowiedzi
Państwo Wyspa Powierzchnia % Poprawnych
[...] Sri Lanka 66k
90%
[...] Tajwan 36k
90%
Indonezja/Brunei/Malezja Borneo 748k
87%
Indonezja/Papua-[...] Nowa Gwinea 785k
87%
Indonezja Jawa 138k
80%
Japonia Hokkaido 83k
77%
Japonia Honsiu 226k
77%
Indonezja Sumatra 473k
77%
Rosja Sachalin 72k
70%
Indonezja Sulawesi 180k
63%
Filipiny Luzon 110k
60%
Indonezja/[...] Wschodni Timor 28k
60%
Japonia Kiusiu 37k
53%
Chiny Hajnan 34k
50%
Filipiny Mindanao 98k
50%
Nie znaleziono quizów pasujących do podanych kryteriów
Rozkład punktacji
Procent ludzi z każdym wynikiem
Percentyl według liczby udzielonych odpowiedzi
Twoja historia wyników
Nie rozwiązałeś tego quizu